000 00273nam a2200109Ia 4500
008 220204s9999 xx 000 0 und d
082 _a331.1
_bRAM
100 _aRAMACHANDRA RAJ, G
245 0 _aIndustrial conflict
260 _aNew Delhi
_bLight and Life
_c1980
942 _cBK
999 _c34623
_d34623